00557nam a22001697a 450000500170000001000150001702000270003203500140005903700130007308200080008624500840009426000350017827000870021330000200030050000480032070000190036820170630125755.0 aENG-119087 a9789385160981c1295.00 aEN-102619 bDBAD/PUB a921 aField marshal K M cariappa:bgreat military leader /cedited by Harsharan Singh aNew Delhi bLenin Media c2016 a202, IInd Floor, 4832/24, Prahlad Street, Ansari Road, Daryaganj, New Delhi-110002 a238pc22cm.(Hb) aIncludes bibliographical refrence and index aHarsharn Singh